|
|
|
|
| LEADER |
00000nam0a2200000 4500 |
| 001 |
73395 |
| 005 |
20231031084338.0 |
| 035 |
|
|
|a (RuTPU)RU\TPU\book\78320
|
| 090 |
|
|
|a 73395
|
| 100 |
|
|
|a 20050215d1974 k y0rusy50 ca
|
| 101 |
0 |
|
|a rus
|
| 102 |
|
|
|a RU
|
| 105 |
|
|
|a a z 001zy
|
| 200 |
1 |
|
|a Проблемы гидрологии дренажа
|f Ц. Н. Шкинкис
|
| 210 |
|
|
|a Ленинград
|c Гидрометеоиздат
|d 1974
|
| 215 |
|
|
|a 347 с.
|c ил.
|
| 320 |
|
|
|a Библиогр.: с. 333-345.
|
| 610 |
1 |
|
|a дренаж
|
| 610 |
1 |
|
|a гидрология
|
| 610 |
1 |
|
|a проблемы
|
| 610 |
1 |
|
|a мелиорация
|
| 610 |
1 |
|
|a водный режим
|
| 675 |
|
|
|a 626.86
|v 3
|
| 700 |
|
1 |
|a Шкинкис
|b Ц. Н.
|g Ценсонис Николаевич
|
| 801 |
|
1 |
|a RU
|b 63413507
|c 20050215
|g PSBO
|
| 801 |
|
2 |
|a RU
|b 63413507
|c 20160314
|g PSBO
|
| 942 |
|
|
|c BK
|